TOP 15 Les séries Netflix ! - Statistiques

Statistiques générales
  • Ce quiz a été pris 391 fois
  • Le résultat moyen est 2 sur 15
Statistiques - réponses
Top Année Nombre de saisons Réponse % Correct
4 2016 Bientôt 5 Stranger Things
92%
6 2019 4 Sex Education
19%
5 2015 3 Narcos
14%
14 2013 8 Orange is the new black
11%
1 2016 6 The Crown
9%
15 2017 3 Dark
8%
7 2017 4 Ozark
4%
13 2022 1 Dahmer
3%
10 2013 6 House of cards
3%
2 2017 2 Mindhunter
2%
12 2015 2 Sense8
2%
8 2014 6 BoJack Horseman
1%
9 2004 8 Dr House
0%
11 2023 1 Tapie
0%
3 2018 2 The Haunting of Hill House
0%
Aucun quiz correspondant
Distribution des résultats
% des personnes avec chaque résultat
Percentile par nombre de réponses
Votre historique - résultats
Vous n’avez pas pris ce quiz